Thuốc và sức khỏe

Guardat en:
Dades bibliogràfiques
Format: Llibre
Idioma:Undetermined
Publicat: Hà Nội Hội dược học Việt Nam 2018
Matèries:
Etiquetes: Afegir etiqueta
Sense etiquetes, Sigues el primer a etiquetar aquest registre!
Thư viện lưu trữ: Trung tâm Học liệu Trường Đại học Cần Thơ
LEADER 00511nam a2200181Ia 4500
001 CTU_234607
008 210402s9999 xx 000 0 und d
020 |c 9900 
082 |a 613 
082 |b Th514 
245 0 |a Thuốc và sức khỏe 
245 0 |c Hội Dược học Việt Nam 
260 |a Hà Nội 
260 |b Hội dược học Việt Nam 
260 |c 2018 
650 |a Medicine,Thuốc 
904 |i T.Trang 
980 |a Trung tâm Học liệu Trường Đại học Cần Thơ